Health : (رقم التسجيلة. 21466)
[ عرض عادي ]
| 000 -الفاتح | |
|---|---|
| حقل البيانات ثابتة الطول | 02120cam a2200289 a 4500 |
| 001 - رقم الضبط | |
| رقم الضبط | 457157238 |
| 003 - محدد رقم الضبط | |
| رقم الضبط | OCoLC |
| 005 - وقت وتاريخ اخر تعامل مع التسجيلة | |
| رقم الضبط | 20150408114013.0 |
| 008 - عناصر البيانات ثابتة الطول - معلومات عامة | |
| حقل البيانات ثابتة الطول | 091105s2011 caua b 001 0 eng |
| 010 ## - رقم ضبط مكتبة الكونجرس | |
| رقم ضبط مكتبة الكونجرس | 2009045020 |
| 015 ## - رقم الببليوجرافية الوطنية | |
| رقم الببليوجرافية الوطنية | GBA9A8413 |
| المصدر | bnb |
| 020 ## - الرقم الدولى المعيارى للكتب | |
| الرقم الدولى المعيارى للكتاب | 9780321626400 |
| 020 ## - الرقم الدولى المعيارى للكتب | |
| الرقم الدولى المعيارى للكتاب | 0321626400 |
| 040 ## - مصدر الفهرسة | |
| وكالة الفهرسة الأصلية | DLC |
| وكالة النسخ | DLC |
| وكالة التعديل | YDX |
| -- | YDXCP |
| -- | UKM |
| -- | CNMBL |
| -- | SGB |
| -- | TOL |
| 050 00 - رقم طلب مكتبة الكونجرس | |
| رقم التصنيف | RA776 |
| رقم المادة | .D663 2011 |
| 082 ## - رقم تصنيف ديوى العشرى | |
| رقم الطبعة | 21 |
| رقم التصنيف | 613 |
| 100 1# - المدخل الرئيسى - إسم شخصى | |
| الإسم الشخصى | Donatelle, Rebecca J., |
| التواريخ المصاحبة للاسم | 1950- |
| 9 (RLIN) | 10605 |
| 245 10 - بيان العنوان | |
| العنوان | Health : |
| بقية العنوان | the basics / |
| بيان المسئوليه,etc | Rebecca J. Donatelle. |
| 250 ## - بيان الطبعة | |
| بيان الطبعة | Green ed., 9th ed. |
| 260 ## - PUBLICATION, DISTRIBUTION, ETC. (IMPRINT) | |
| مكان الناشر او الموزع | San Francisco, CA : |
| اسم الناشر او الموزع | Benjamin Cummings, |
| تاريخ النشر أو التوزيع | c2011. |
| 300 ## - الوصف المادى | |
| التعداد | xx, 520, [19] p. : |
| تفاصيل ماديه اخرى للوعاء | col. ill. ; |
| أبعاد الوعاء | 28 cm. |
| 504 ## - تبصرة ببليوجرافية | |
| تبصرة ببليوجرافية,الخ | Includes bibliographical references and index. |
| 505 0# - تبصرة محتويات-الفهرس | |
| تبصرة المحتويات المصاغة | The basics of healthy change -- Psychosocial health -- Managing your stress -- Focus on your sleep -- Violence and abuse -- Healthy relationships and sexuality -- Your reproductive choices -- Addiction and drug use -- Alcohol and tobacco -- Nutrition and you -- Managing your weight -- Focus on your body image -- Personal fitness -- Cardiovascular disease and cancer -- Focus on your risk for diabetes -- Infectious and noninfectious conditions -- Aging, death, and dying -- Environmental health -- Focus on your spiritual health -- Savvy health care consumerism -- Complementary and alternative medicine. |
| 520 ## - التبصرة الخاصة بالتعليق أو التلخيص | |
| ملخص,الخ | It's current, it's accurate, it's user-friendly, and it's fun! With an emphasis on environmental responsibility, the new Health: The Basics, Green Edition features compelling graphics and relatable content that bring health topics to life, keeping you hooked on learning and living well. Now enhanced with an even more comprehensive package of student support materials, this edition makes learning personal health easier than ever. The Green Edition includes an environmental feature; new mini-chapters; a brand new art program with a new, lively design; and additional content on behavior change; in addition to a robust and expanded supplements package. - Publisher. |
| 650 #0 - المدخل الاضافى بالموضوع-مصطلح موضوعى | |
| مصطلح موضوعي أو اسم جغرافي كعنصر مدخل | Health |
| التقسيم الفرعي الشكلي | Textbooks. |
| 9 (RLIN) | 10673 |
| 942 ## - عناصر المدخل الإضافي( كوها) | |
| مصدر التصنيف او مخطط الترفيف | Dewey Decimal Classification |
| Koha [default] item type | كتاب |
| حالة الفقد | نموذج السعر الفعال | حالة تلف | ليس للاعارة | رقم الطلب | تاريخ الاكتساب | الموقع الحالي | الباركود | الفرع الرئيسي | Date last seen | نوع المادة فى نظام كوها | مصدر التصنيف او خطة الترفيف | Total Checkouts |
|---|---|---|---|---|---|---|---|---|---|---|---|---|
| 2013-03-10 | 613 D R H | 2012-05-14 | مكتبة كلية العلوم الطبية التطبيقية بالمجمعة - طالبات (AMF) | 00087035 | مكتبة كلية العلوم الطبية التطبيقية بالمجمعة - طالبات (AMF) | 2013-03-10 | كتاب | Dewey Decimal Classification | ||||
| 2013-03-10 | 613 D R H | 2012-05-14 | مكتبة كلية العلوم الطبية التطبيقية بالمجمعة - طالبات (AMF) | 00087031 | مكتبة كلية العلوم الطبية التطبيقية بالمجمعة - طالبات (AMF) | 2013-03-10 | كتاب | Dewey Decimal Classification | ||||
| 2013-03-10 | 613 D R H | 2012-05-19 | مكتبة كلية العلوم الطبية التطبيقية بالمجمعة - طالبات (AMF) | 00087974 | مكتبة كلية العلوم الطبية التطبيقية بالمجمعة - طالبات (AMF) | 2013-03-10 | كتاب | Dewey Decimal Classification | ||||
| 2013-03-10 | 613 D R H | 2012-05-19 | مكتبة كلية العلوم الطبية التطبيقية بالمجمعة - طالبات (AMF) | 00087978 | مكتبة كلية العلوم الطبية التطبيقية بالمجمعة - طالبات (AMF) | 2013-03-10 | كتاب | Dewey Decimal Classification | ||||
| 2013-03-10 | 613 D R H | 2012-04-12 | مكتبة مجمع الطالبات بالمجمعة (EMF) | 00084069 | مكتبة مجمع الطالبات بالمجمعة (EMF) | 2013-03-10 | كتاب | Dewey Decimal Classification | ||||
| 2013-03-10 | 613 D R H | 2012-04-12 | مكتبة مجمع الطالبات بالمجمعة (EMF) | 00084068 | مكتبة مجمع الطالبات بالمجمعة (EMF) | 2013-03-10 | كتاب | Dewey Decimal Classification |
